Fly now! : a colorful story of flight from hot air balloon to the 777 "Worldliner" : the poster collection of the Smithsonian National Air and Space Museum

Αποθηκεύτηκε σε:
Λεπτομέρειες βιβλιογραφικής εγγραφής
Κύριος συγγραφέας: London, Joanne M. Gernstein, 1961-
Συγγραφή απο Οργανισμό/Αρχή: National Air and Space Museum
Μορφή: Βιβλίο
Γλώσσα:English
Δημοσίευση: Washington, D.C. : National Geographic, c2007.
Θέματα:
Ετικέτες: Προσθήκη ετικέτας
Δεν υπάρχουν, Καταχωρήστε ετικέτα πρώτοι!

MARC

LEADER 00000nam a2200000 a 4500
001 1/125587
008 221109s2007####wau| ||| |||| ||eng||
020 |a 9781426200885 
040 |a GR-MyUa  |b gre  |c GR-MyUa  |e AACR2 
041 0 |a eng 
082 7 |a 629.1309   |2 (23) 
100 1 |a London, Joanne M. Gernstein,   |d 1961- 
245 1 0 |a Fly now! :   |b a colorful story of flight from hot air balloon to the 777 "Worldliner" : the poster collection of the Smithsonian National Air and Space Museum /   |c [by Joanne Gernstein London ; foreword by Herb Kelleher]. 
260 |a Washington, D.C. :   |b National Geographic,  |c c2007. 
300 |a 1991 σ. :   |b εικ. ;   |c 25 εκ. 
504 |a Βιβλιογραφία: σ. 189-190. Ευρετήριο. 
650 0 |a Aeronautics  |x History. 
650 0 |a Aeronautics  |x Pictorial works. 
650 0 |a Aeronautics in art. 
650 0 |a Posters. 
710 2 |a National Air and Space Museum. 
852 |a INST  |b SYROS  |e 20221107  |h 629.1309 LON  |p 005500015573  |q 005500015573  |t BK  |y 0 
970 |a Κοντού  |b Παρασκευή  |z 09/11/2022